000
00266 a2200097 4500
020
_a
9781107512825
100
_a
Shai Shalev- Shwartz
245
_a
Understanding machine learning: from theory to algorithms
260
_b
Cambridge University Press
_c
2025
942
_c
OO
999
_c
116031
_d
116030